| 000 | 01032nam a2200289 i 4500 | ||
|---|---|---|---|
| 001 | bg | ||
| 003 | BPK | ||
| 005 | 20200805121430.0 | ||
| 008 | 971113s1987 pl a |001 0 pol | ||
| 015 | _aPB 1988/1613 | ||
| 020 | _a8320409128 | ||
| 040 |
_aWA N _cBPK |
||
| 080 | _a621.37.049.77 | ||
| 100 | 1 |
_aKorzec, Zdzisław _d(1929- ) _eAutor |
|
| 245 | 1 | 0 |
_aUkłady z pojemnościami przełączanymi / _cZdzisław Korzec, Zygmunt Ciota. |
| 260 |
_aWarszawa : _bWydawnictwa Naukowo-Techniczne, _c1987. |
||
| 300 |
_a246, [2] s. : _brys., wykr. ; _c24 cm. |
||
| 490 | 1 | _aUkłady i Systemy Elektroniczne. | |
| 504 | _aBibliogr. s. 237-245. - Indeks. | ||
| 650 | 4 | _aUkład scalony | |
| 650 | 4 | _aFiltry elektryczne | |
| 700 | 1 |
_aCiota, Zygmunt _d(1949- ). |
|
| 710 | 2 |
_aWydawnictwa Naukowo-Techniczne _4pbl. |
|
| 830 | 0 | _aUkłady i Systemy Elektroniczne | |
| 942 |
_2UKD _cKS |
||
| 856 |
_uhttp://koha.tu.koszalin.pl/cgi-bin/koha/opac-detail.pl?biblionumber=23861 _yKatalog online BPK |
||
| 999 |
_c23861 _d23861 |
||